000 00270nam a2200109Ia 4500
008 200302s9999 xx 000 0 und d
100 _aJoaquim Chavarria
245 _aThe Big Book of Ceramics
260 _bWatson-Guptill Publications
260 _c1994
300 _a192 P.,
999 _c1983
_d1983